Guess the 1970s song lyrics #76 - Statistics

General Stats
  • This quiz has been taken 19 times
  • The average score is 55 of 99
Answer Stats
Answer % Correct
I
100%
I
100%
I
100%
the
100%
the
100%
the
100%
the
100%
the
100%
the
100%
In
94%
in
94%
in
94%
in
94%
In
94%
in
94%
in
94%
in
94%
in
94%
a
88%
a
88%
and
82%
And
82%
And
82%
my
76%
my
76%
All
71%
see
71%
see
71%
that
71%
to
71%
can
65%
her
65%
is
65%
I've
65%
Love
65%
no
65%
we
65%
we
65%
When
65%
when
65%
Blue
59%
Blue
59%
Blue
59%
Blue
59%
eyes
59%
eyes
59%
eyes
59%
eyes
59%
I'll
59%
life
53%
only
53%
rain
53%
rain
53%
rain
53%
rain
53%
crying
47%
crying
47%
crying
47%
crying
47%
has
47%
knew
47%
like
47%
Now
47%
up
47%
we'd
47%
We'll
47%
again
41%
again
41%
loved
41%
never
41%
them
41%
hand
35%
hand
35%
star
35%
knows
29%
remember
29%
twilight
29%
ages
24%
dying
24%
ember
24%
heaven
24%
kissed
24%
meet
24%
meet
24%
through
24%
vain
24%
glow
18%
goodbye
18%
hair
18%
land
18%
memories
18%
parted
18%
parting
18%
remain
18%
silver
18%
Someday
18%
stroll
18%
turned
18%
yonder
18%
No matching quizzes found
Score Distribution
Percent of People with Each Score
Percentile by Number Answered
Your Score History
You have not taken this quiz